00512nam a2200145Ia 4500008004100000041000800041082001900049100002600068245004500094260004200139300003300181365000900214999001700223952012600240240624s9999 xx 000 0 und d aeng a658.150285 AND aROEHL ANDERSON JANICE aIT BEST PRACTICES FOR FINANCIAL MANAGERS c2010aNew JerseybJohn Wiley and Sons axxxii, : 316 : p. : cm. ; 23 cb30 c15105d15105 00104070aIMTNbIMTNcRack 25-Ad2010-05-12eBWEg74.95o658.150285 ANDp15105r2024-06-24 00:00:00t48w2024-06-24yBK